Krajinno-inžinierska úprava povodia - návrh stabilizačných a protieróznych opatrení

Gespeichert in:
Bibliographische Detailangaben
1. Verfasser: Klohnová, Lena, 1987- (Verfasst von)
Weitere Verfasser: Hlavčová, Kamila, 1959- (Betreuung Doktorarbeit)
Format: Manuskript Buch
Sprache:Slowakisch
Veröffentlicht: Bratislava : STU v Bratislave SvF, 2013
Schlagworte:
Online-Zugang:VAIS
Tags: Tag hinzufügen
Keine Tags, Fügen Sie das erste Tag hinzu!

MARC

LEADER 00000ntm a22000003a 4500
001 stu272190
005 20160721135647.3
008 130720s2013----xo------------------slo-d
040 |a STU  |b slo 
041 0 |a slo 
044 |a xo 
100 1 |a Klohnová, Lena,  |d 1987-  |4 aut  |X 62289  |7 A000062289 
242 0 0 |a Landscape engineering treatment basin - proposal of stabilization and anti-erosion measures  |y eng 
245 1 |a Krajinno-inžinierska úprava povodia - návrh stabilizačných a protieróznych opatrení 
260 |a Bratislava :  |b STU v Bratislave SvF,  |c 2013 
650 7 |a Landscaping and Landscape Planning  |2 estusub 
650 7 |a water erosion  |2 estusub 
650 7 |a vodná erózia  |2 stusub 
700 1 |a Hlavčová, Kamila,  |d 1959-  |4 ths  |u V160  |U SvF Stavebná fakulta  |T SvF Katedra vodného hospodárstva krajiny  |X 905  |U V160  |Y 16  |7 A000000905 
856 4 |a info a plný text  |u http://is.stuba.sk/zp/portal_zp.pl?podrobnosti=94363  |3 VAIS